[Event "ALG-ch"]
[Site "Algiers"]
[Date "2017.10.20"]
[Round "1"]
[White "Boudaoud, Khaled"]
[Black "Gueroui, Nacereddine"]
[Result "1-0"]
[WhiteElo "2033"]
[BlackElo "2008"]
[PlyCount "103"]
[EventDate "2017.10.20"]
[EventType "tourn"]
[EventRounds "7"]
[EventCountry "ALG"]
[SourceTitle "CBM 181 Extra"]
[Source "ChessBase"]
[SourceDate "2017.12.12"]
[SourceVersion "1"]
[SourceVersionDate "2017.12.12"]
[SourceQuality "1"]

1. e4 d5 2. exd5 Qxd5 3. Nc3 Qd6 4. d4 Nf6 5. Nf3 a6 6. Be2 Nbd7 7. 0-0 e6 8. Bg5 Be7 9. Qd2 b5 10. Bf4 Qb6 11. d5 Nc5 12. Be3 Qd6 13. Bf4 Qb6 14. a3 0-0 15. dxe6 Nxe6 16. Be3 Qb8 17. Ng5 Nxg5 18. Bxg5 Bb7 19. Qe3 Re8 20. Qg3 c5 21. Bf4 Qc8 22. Rad1 b4 23. Na4 Qf5 24. Bd3 Be4 25. Be3 b3 26. Bxe4 Qxe4 27. cxb3 Rab8 28. Bxc5 Bxc5 29. Nxc5 Qc2 30. Qc3 Re2 31. Nxa6 Ra8 32. Qxc2 Rxc2 33. b4 h6 34. b5 Rxb2 35. Rb1 Ra2 36. Ra1 Rd2 37. Rfd1 Rc2 38. b6 Rxa6 39. b7 Rb2 40. Rd8+ Kh7 41. b8Q Rxb8 42. Rxb8 Ra4 43. Rb4 Ra5 44. a4 Nd7 45. Rb5 Ra8 46. a5 Nb8 47. Rb6 f6 48. a6 Nd7 49. Rd6 Nc5 50. a7 Nb3 51. Ra3 Rc8 52. Rd1 1-0

[Event "ALG-chT"]
[Site "Oran"]
[Date "2017.09.18"]
[Round "1.1"]
[White "Zaibi, Amir"]
[Black "Boudaoud, Khaled"]
[Result "1-0"]
[WhiteElo "2384"]
[BlackElo "2058"]
[PlyCount "112"]
[EventDate "2017.09.18"]
[EventType "team-swiss"]
[EventRounds "9"]
[EventCountry "ALG"]
[SourceTitle "CBM 180 Extra"]
[Source "ChessBase"]
[SourceDate "2017.10.06"]
[SourceVersion "1"]
[SourceVersionDate "2017.10.06"]
[SourceQuality "1"]
[WhiteTeam "El Himaya"]
[BlackTeam "Essedikia"]
[WhiteTeamCountry "ALG"]
[BlackTeamCountry "ALG"]

1. e4 c5 2. Nf3 d6 3. d4 cxd4 4. Nxd4 Nf6 5. Nc3 a6 6. Bc4 e6 7. Bb3 Nbd7 8. Qe2 Nc5 9. g4 Be7 10. g5 Nfd7 11. Rg1 Qa5 12. Bd2 Nxb3 13. Nxb3 Qc7 14. 0-0-0 b5 15. Rg3 b4 16. Nb1 a5 17. a3 Ba6 18. Qe1 Rc8 19. Na1 Nc5 20. axb4 Nd3+ 21. Rxd3 Bxd3 22. Na3 axb4 23. Bxb4 Ba6 24. h4 h6 25. f4 hxg5 26. hxg5 Rb8 27. Bc3 e5 28. g6 fxg6 29. Qg3 Bf6 30. Qxg6+ Kf8 31. fxe5 dxe5 32. Nb3 Be2 33. Re1 Bh5 34. Qg1 Bf7 35. Nc5 Rd8 36. Rf1 Qc6 37. Qe3 Rh5 38. Kb1 Kg8 39. Nd3 Qe6 40. b3 Rh3 41. Qe2 Qa6 42. Kb2 Ra8 43. Ra1 Be7 44. b4 Rb8 45. Nb1 Qc4 46. Nd2 Qe6 47. Nb3 Qh6 48. Bxe5 Rb5 49. Bc3 Rh2 50. Qf1 Qe6 51. Ra8+ Kh7 52. Nd4 Qc4 53. Nxb5 Qb3+ 54. Ka1 Qxc2 55. Ne5 Be6 56. Nf3 Qxe4 1-0

[Event "Africa-ch"]
[Site "Oran"]
[Date "2017.07.10"]
[Round "9"]
[White "Boudaoud, Khaled"]
[Black "Mwali, Chitumbo"]
[Result "0-1"]
[WhiteElo "2139"]
[BlackElo "2356"]
[PlyCount "54"]
[EventDate "2017.07.02"]
[EventType "swiss"]
[EventRounds "9"]
[EventCountry "ALG"]
[SourceTitle "CBM 179 Extra"]
[Source "ChessBase"]
[SourceDate "2017.08.23"]
[SourceVersion "1"]
[SourceVersionDate "2017.08.23"]
[SourceQuality "1"]

1. e4 e5 2. Nf3 Nc6 3. Bc4 Nf6 4. d3 Be7 5. 0-0 0-0 6. Re1 d6 7. a4 Be6 8. Nbd2 h6 9. a5 a6 10. c3 Qd7 11. Nf1 Rfe8 12. Bd2 Bf8 13. Bxe6 fxe6 14. Nh4 Qf7 15. Ng3 Be7 16. b4 Rf8 17. Ra2 g5 18. Nf3 g4 19. Nh4 h5 20. Bh6 Nh7 21. Bxf8 Rxf8 22. Nhf5 exf5 23. Nxf5 Qxa2 24. h4 Rxf5 25. exf5 Bxh4 26. Re2 Qa3 27. b5 Nd4 0-1

[Event "ALG-ch sf"]
[Site "Tiaret"]
[Date "2017.03.30"]
[Round "3"]
[White "Moulay, Mehdi"]
[Black "Boudaoud, Khaled"]
[Result "1-0"]
[WhiteElo "2064"]
[BlackElo "2141"]
[PlyCount "101"]
[EventDate "2017.03.29"]
[EventType "swiss"]
[EventRounds "7"]
[EventCountry "ALG"]
[SourceTitle "EXT 2018"]
[Source "ChessBase"]
[SourceDate "2017.10.13"]
[SourceVersion "1"]
[SourceVersionDate "2017.10.13"]
[SourceQuality "1"]

1. d4 Nf6 2. Nf3 d5 3. Bf4 c6 4. c3 Qb6 5. Qb3 Bf5 6. Nbd2 Nbd7 7. h3 h6 8. e3 e6 9. Be2 Be7 10. 0-0 0-0 11. Rfe1 Rfc8 12. Ne5 Nxe5 13. Bxe5 Nd7 14. Bg3 c5 15. Qxb6 Nxb6 16. a4 cxd4 17. exd4 a6 18. a5 Nd7 19. Nf1 Bg6 20. Ne3 Bg5 21. Ra3 f5 22. Bh2 f4 23. Nf1 Rc6 24. h4 Bxh4 25. Bxf4 Bf7 26. Bd3 Be7 27. Raa1 Bd6 28. Bxd6 Rxd6 29. Ra3 Rc6 30. Rb3 Rc7 31. Nd2 e5 32. Bf5 exd4 33. cxd4 Nb8 34. Rc3 Rxc3 35. bxc3 Nc6 36. Nb3 Kf8 37. Bd7 Ne7 38. Nc5 Rd8 39. Ba4 Ng8 40. Nxb7 Re8 41. Bxe8 Bxe8 42. Nc5 Bb5 43. Ne6+ Kf7 44. Nc7 Bc4 45. Re6 Ne7 46. Rb6 Nc8 47. Rb8 Ne7 48. Rb7 g5 49. Rb6 h5 50. Nxa6 Nc8 51. Rb7+ 1-0

[Event "ALG-ch sf"]
[Site "Tiaret"]
[Date "2017.03.29"]
[Round "2"]
[White "Boudaoud, Khaled"]
[Black "Araoun, Saadi"]
[Result "1-0"]
[WhiteElo "2141"]
[BlackElo "1978"]
[PlyCount "93"]
[EventDate "2017.03.29"]
[EventType "swiss"]
[EventRounds "7"]
[EventCountry "ALG"]
[SourceTitle "EXT 2018"]
[Source "ChessBase"]
[SourceDate "2017.10.13"]
[SourceVersion "1"]
[SourceVersionDate "2017.10.13"]
[SourceQuality "1"]

1. e4 c6 2. d4 d5 3. Nc3 dxe4 4. Nxe4 Nd7 5. Nf3 Ngf6 6. Bd3 Nxe4 7. Bxe4 Nf6 8. Bd3 Bg4 9. c3 e6 10. 0-0 Bd6 11. Re1 0-0 12. Bf1 Qc7 13. h3 Bh5 14. Be2 c5 15. Ne5 Bxe2 16. Qxe2 cxd4 17. cxd4 Nd5 18. Bd2 Rfd8 19. Rac1 Qb6 20. Bg5 Be7 21. Bxe7 Nxe7 22. Qh5 Ng6 23. Qf3 Nxe5 24. dxe5 Rac8 25. Qe2 h6 26. g3 g6 27. b3 Qa5 28. Rxc8 Rxc8 29. Rd1 Rc5 30. b4 Rxe5 31. Qd2 Qb6 32. Qxh6 Re2 33. Qf4 Qc6 34. Qf6 Rd2 35. Re1 Rxa2 36. b5 Qd7 37. Rc1 Rd2 38. Rc5 Rd5 39. Rc4 Rf5 40. Qc3 Qd1+ 41. Kg2 Qd5+ 42. Kg1 Qe5 43. Rc8+ Kg7 44. Qb4 Kf6 45. Qh4+ g5 46. Qh8+ Ke7 47. Qd8# 1-0